Normal view
MARC view
Entry Personal Name
001 - CONTROL NUMBER
- control field: 77595
003 - CONTROL NUMBER IDENTIFIER
- control field: dpl
005 - DATE AND TIME OF LATEST TRANSACTION
- control field: 20250214145842.0
008 - FIXED-LENGTH DATA ELEMENTS
- fixed length control field: 250214|| aca||aabn | a|a d
040 ## - CATALOGING SOURCE
- Original cataloging agency: dpl
- Transcribing agency: dpl
100 ## - HEADING--PERSONAL NAME
- Personal name: Paranjape R. Makarand
670 ## - SOURCE DATA FOUND
- Source citation: Work cat.: (dpl)204824: Paranjape R. Makarand, Identity's Last Secret/, 2022
